Таможенное регулирование внешнеторговой деятельности в России в условиях Таможенного союза в рамках ЕврАзЭС: учебное пособие для вузов

Dettagli Bibliografici
Autore principale: Пансков В. Г. Владимир Георгиевич
Altri autori: Федоткин В. В. Владимир Владимирович
Riassunto:Издание подготовлено в соответствии с действующим таможенным законодательством Таможенного союза в рамках ЕврАзЭС и законодательством РФ о государственном регулировании внешней торговли. Представленный материал сформирован в результате симбиоза правовых норм международного и национального уровней с учетом изменений законодательства, произошедших в 2009-2013 годах. Теоретические основы государственного регулирования внешнеторговой деятельности представлены с учетом специфики таможенно-тарифного, нетарифного и налогового воздействия и иных форм государственного воздействия на внешнеторговую деятельность.
Lingua:russo
Pubblicazione: Санкт-Петербург, Интермедия, 2013
Soggetti:
Natura: MixedMaterials Libro
KOHA link:https://koha.lib.tpu.ru/cgi-bin/koha/opac-detail.pl?biblionumber=243932

MARC

LEADER 00000nam0a2200000 4500
001 243932
005 20231101232017.0
010 |a 9785438300526 
035 |a (RuTPU)RU\TPU\book\265287 
090 |a 243932 
100 |a 20131009d2013 m y0rusy50 ca 
101 0 |a rus 
102 |a RU 
105 |a y j 001zy 
200 1 |a Таможенное регулирование внешнеторговой деятельности в России в условиях Таможенного союза в рамках ЕврАзЭС  |e учебное пособие для вузов  |f В. Г. Пансков, В. В. Федоткин 
210 |a Санкт-Петербург  |c Интермедия  |d 2013 
215 |a 580 с. 
320 |a Библиогр.: с. 570-580. 
330 |a Издание подготовлено в соответствии с действующим таможенным законодательством Таможенного союза в рамках ЕврАзЭС и законодательством РФ о государственном регулировании внешней торговли. Представленный материал сформирован в результате симбиоза правовых норм международного и национального уровней с учетом изменений законодательства, произошедших в 2009-2013 годах. Теоретические основы государственного регулирования внешнеторговой деятельности представлены с учетом специфики таможенно-тарифного, нетарифного и налогового воздействия и иных форм государственного воздействия на внешнеторговую деятельность. 
606 1 |a Таможенное дело  |x Экономика  |2 stltpush  |3 (RuTPU)RU\TPU\subj\69328  |9 84236 
610 1 |a таможенное регулирование 
610 1 |a внешнеэкономическая деятельность 
610 1 |a внешнеторговая деятельность 
610 1 |a Таможенный союз 
610 1 |a таможенные организации 
610 1 |a Российская Федерация 
610 1 |a терминология 
610 1 |a таможенные процедуры 
610 1 |a таможенные правоотношения 
610 1 |a таможенное оформление 
610 1 |a таможенное декларирование 
610 1 |a таможенное регулирование 
610 1 |a тарифное регулирование 
610 1 |a нетарифное регулирование 
610 1 |a таможенная граница 
610 1 |a налогообложение 
610 1 |a таможенные платежи 
610 1 |a таможенный контроль 
610 1 |a таможенные правила 
610 1 |a нарушение 
610 1 |a обжалование 
610 1 |a учебные пособия 
686 |a У9(2)428я73  |v LBC/SL-A  |2 rubbk 
700 1 |a Пансков  |b В. Г.  |g Владимир Георгиевич 
701 1 |a Федоткин  |b В. В.  |g Владимир Владимирович 
801 1 |a RU  |b 63413507  |c 20131009 
801 2 |a RU  |b 63413507  |c 20161025  |g RCR 
942 |c BK 
959 |a 129/20131009  |d 2  |e 650,00  |f ЧЗГЛ:1  |f АНЛ:1